000 00503pab a2200181 454500
008 180718b2014 xxu||||| |||| 00| 0 eng d
100 _aGidel, Thierry
245 _aSynchronization of innovation and vehicle projects: Proposal of a management tool at Renault SAS
260 _c2014
300 _ap.57-73.
362 _aJun-Jul
650 _aProject management
700 _aMillet, Dominique
700 _aBuet, Gael
773 _aProject Management Journal
908 _aN
909 _a105061
999 _c105056
_d105056